[Event "Bizkaia-ch"]
[Site "Bilbao"]
[Date "2018.11.17"]
[Round "5"]
[White "Valdezate Suarez, Fernando"]
[Black "Galarza Docampo, Karmel"]
[Result "1/2-1/2"]
[WhiteElo "1890"]
[BlackElo "1901"]
[PlyCount "56"]
[EventDate "2018.10.20"]
[EventType "swiss"]
[EventRounds "6"]
[EventCountry "ESP"]
[SourceTitle "CBM 187 Extra"]
[Source "ChessBase"]
[SourceDate "2018.11.04"]
[SourceVersion "1"]
[SourceVersionDate "2018.11.04"]
[SourceQuality "1"]

1. d4 Nf6 2. c4 g6 3. Nc3 Bg7 4. e4 d6 5. f4 0-0 6. Nf3 c5 7. d5 e6 8. dxe6 fxe6 9. Bd3 Nc6 10. 0-0 a6 11. Qe1 Bd7 12. Ng5 h6 13. Nf3 Be8 14. Kh1 Bf7 15. Be3 b6 16. Rd1 Qe7 17. Qh4 Ne8 18. Qg3 Nd4 19. Nh4 Qf6 20. e5 dxe5 21. Ne4 Qe7 22. Nxg6 Bxg6 23. Qxg6 Nf5 24. Bc1 Qf7 25. Qg4 Nf6 26. Nxf6+ Qxf6 27. fxe5 Qxe5 28. Bxf5 exf5 1/2-1/2

[Event "ESP-chT CECLUB 5th-12th"]
[Site "Linares"]
[Date "2013.08.24"]
[Round "1.1"]
[White "Cao Armillas, Jesus"]
[Black "Valdezate Suarez, Fernando"]
[Result "1-0"]
[WhiteElo "2184"]
[BlackElo "1988"]
[PlyCount "91"]
[EventDate "2013.08.24"]
[EventType "team-match"]
[EventRounds "2"]
[EventCountry "ESP"]
[SourceTitle "CBM 156 Extra"]
[Source "ChessBase"]
[SourceDate "2013.10.22"]
[SourceVersion "1"]
[SourceVersionDate "2013.10.22"]
[SourceQuality "1"]
[WhiteTeam "Collado Villalba"]
[BlackTeam "Conteneo Bilbao Haitzak"]
[WhiteTeamCountry "ESP"]
[BlackTeamCountry "ESP"]

1. d4 Nf6 2. c4 g6 3. Nc3 Bg7 4. e4 d6 5. f3 0-0 6. Bg5 c5 7. d5 e6 8. Qd2 exd5 9. cxd5 Re8 10. Bd3 a6 11. a4 Nbd7 12. Nge2 Ne5 13. Bc2 Nc4 14. Qc1 Qb6 15. b3 Ne5 16. Rb1 Rb8 17. Be3 Qc7 18. 0-0 b5 19. axb5 axb5 20. b4 c4 21. Qd2 Ba6 22. Nd4 Ned7 23. Ra1 Rb6 24. Ra5 Nb8 25. Rfa1 Qb7 26. Qf2 Nfd7 27. Nde2 Rc8 28. Bxb6 Nxb6 29. Rb1 N6d7 30. Nd4 Bxd4 31. Qxd4 Ne5 32. Rba1 Ned7 33. Kh1 g5 34. h3 h6 35. Qe3 Re8 36. h4 f6 37. hxg5 hxg5 38. Qd4 Re7 39. g3 Ne5 40. Kg2 Rh7 41. Rh1 Rxh1 42. Kxh1 Qh7+ 43. Kg2 Nxf3 44. Kxf3 Qh1+ 45. Ke2 Bc8 46. Qd1 1-0

[Event "ESP-chT CECLUB Div1 GpA"]
[Site "Linares"]
[Date "2013.08.20"]
[Round "2.3"]
[White "Melero Fidalgo, Juan de Dios"]
[Black "Valdezate Suarez, Fernando"]
[Result "1-0"]
[WhiteElo "2230"]
[BlackElo "1988"]
[PlyCount "63"]
[EventDate "2013.08.19"]
[EventType "team-tourn"]
[EventRounds "5"]
[EventCountry "ESP"]
[SourceTitle "CBM 156 Extra"]
[Source "ChessBase"]
[SourceDate "2013.10.22"]
[SourceVersion "1"]
[SourceVersionDate "2013.10.22"]
[SourceQuality "1"]
[WhiteTeam "Pena Oromana"]
[BlackTeam "Conteneo Bilbao Haitzak"]
[WhiteTeamCountry "ESP"]
[BlackTeamCountry "ESP"]

1. d4 Nf6 2. c4 g6 3. Nc3 Bg7 4. Nf3 0-0 5. Bf4 d6 6. e3 c6 7. Be2 Nbd7 8. h3 Re8 9. 0-0 Nh5 10. Bh2 Qa5 11. a3 c5 12. b4 cxb4 13. axb4 Qd8 14. Qb3 b6 15. Rfd1 a5 16. Ng5 h6 17. Bxh5 gxh5 18. Nf3 Bb7 19. Ne1 Qc8 20. Rac1 axb4 21. Qxb4 Ra6 22. Nb5 Nb8 23. Nd3 Be4 24. Nf4 Qb7 25. f3 Bf5 26. Nd5 Nc6 27. Qe1 Rc8 28. e4 Bg6 29. f4 Na5 30. f5 Bh7 31. f6 exf6 32. Nxd6 1-0

[Event "ESP-chT CECLUB Div1 GpA"]
[Site "Linares"]
[Date "2013.08.19"]
[Round "1.1"]
[White "Gonzalez Diaz, Julio"]
[Black "Valdezate Suarez, Fernando"]
[Result "1-0"]
[WhiteElo "2284"]
[BlackElo "1988"]
[PlyCount "95"]
[EventDate "2013.08.19"]
[EventType "team-tourn"]
[EventRounds "5"]
[EventCountry "ESP"]
[SourceTitle "CBM 156 Extra"]
[Source "ChessBase"]
[SourceDate "2013.10.22"]
[SourceVersion "1"]
[SourceVersionDate "2013.10.22"]
[SourceQuality "1"]
[WhiteTeam "Artes de Lugo"]
[BlackTeam "Conteneo Bilbao Haitzak"]
[WhiteTeamCountry "ESP"]
[BlackTeamCountry "ESP"]

1. c4 Nf6 2. g3 g6 3. Bg2 Bg7 4. Nc3 0-0 5. Nf3 c5 6. 0-0 Nc6 7. d4 cxd4 8. Nxd4 a6 9. Nc2 d6 10. b3 e6 11. Ba3 Ne8 12. Qd2 f5 13. Rad1 Rf7 14. Rfe1 Bd7 15. Qe3 Qc7 16. Na4 Rd8 17. Nb6 Ne5 18. Nxd7 Qxd7 19. Qb6 Nc6 20. Rd3 Bf8 21. Red1 Qc8 22. Nb4 Nxb4 23. Bxb4 Rfd7 24. Qe3 Ng7 25. Ba5 Re8 26. Qd2 Qb8 27. Bb6 Be7 28. Rc1 Bd8 29. Bd4 Bc7 30. a4 d5 31. Bxg7 Kxg7 32. cxd5 exd5 33. Rxd5 Rde7 34. Rd7 Be5 35. Qd5 b6 36. e3 Bf6 37. h4 Qe5 38. Rxe7+ Rxe7 39. Qd3 a5 40. Rc6 Re6 41. Qd7+ Re7 42. Qd6 Qa1+ 43. Bf1 Rb7 44. Qd5 Qe5 45. Qc4 Qb8 46. Bg2 Qd8 47. Rxf6 Rc7 48. Rc6 1-0

[Event "Euskadi-chTA"]
[Site "Bergara"]
[Date "2013.01.26"]
[Round "3.2"]
[White "Valdezate Suarez, Fernando"]
[Black "Serras Uria, Antonio"]
[Result "0-1"]
[WhiteElo "1996"]
[BlackElo "2207"]
[PlyCount "126"]
[EventDate "2013.01.12"]
[EventType "team-tourn"]
[EventRounds "9"]
[EventCountry "ESP"]
[SourceTitle "EXT 2014"]
[Source "ChessBase"]
[SourceDate "2013.11.20"]
[SourceVersion "1"]
[SourceVersionDate "2013.11.20"]
[SourceQuality "1"]

1. d4 Nf6 2. c4 c5 3. d5 e6 4. Nc3 exd5 5. cxd5 d6 6. e4 g6 7. Qa4+ Bd7 8. Qb3 Na6 9. Nf3 Nc7 10. a4 Bg7 11. Bf4 0-0 12. Bd3 Bg4 13. Nd2 Nh5 14. Be3 f5 15. f3 f4 16. Bf2 Bc8 17. Nc4 Kh8 18. Nb5 Ne8 19. a5 Qe7 20. Qa3 Rf7 21. 0-0-0 Bd7 22. Nc3 Rb8 23. e5 dxe5 24. Bxc5 Qd8 25. Bxa7 Rc8 26. Bb6 Qg5 27. Rd2 Bf5 28. Ne4 Bxe4 29. fxe4 f3 30. g3 Bh6 31. Rhd1 Qf6 32. Kb1 Bxd2 33. Rxd2 Nhg7 34. Rf2 g5 35. g4 h5 36. h3 Rd7 37. Bf1 Rf7 38. Nd2 Qd6 39. Qe3 Rf4 40. Rxf3 Qb4 41. Rxf4 gxf4 42. Qd3 Nd6 43. g5 Rf8 44. h4 f3 45. Qe3 Qa4 46. g6 Rf4 47. Bc7 Nxe4 48. Nxe4 Qxe4+ 49. Qxe4 Rxe4 50. Bd3 f2 51. Kc2 Rd4 52. Bf1 Rxd5 53. Bb6 e4 54. Bg2 Rf5 55. Bf1 Rf3 56. Bd4 Rd3 57. Bc3 Rd6 58. Bd2 Rxg6 59. Kd1 Nf5 60. Ke2 e3 61. Bc3+ Kg8 62. Kf3 Rg1 63. Bc4+ Kh7 0-1

[Event "Euskadi-chT (Vasca) Div Honor"]
[Site "Bergara"]
[Date "2012.02.25"]
[Round "7.5"]
[White "Valdezate Suarez, Fernando"]
[Black "Montolio Benedicto, Cesar"]
[Result "1/2-1/2"]
[WhiteElo "1992"]
[BlackElo "1967"]
[PlyCount "51"]
[EventDate "2012.01.14"]
[EventType "team-tourn"]
[EventRounds "9"]
[EventCountry "ESP"]
[SourceTitle "EXT 2024"]
[Source "ChessBase"]
[SourceDate "2023.10.10"]
[SourceVersion "1"]
[SourceVersionDate "2023.10.10"]
[SourceQuality "1"]
[WhiteTeam "Conteneo Bilbao Haitzak"]
[BlackTeam "Easo Xake Taldea"]
[WhiteTeamCountry "ESP"]
[BlackTeamCountry "ESP"]

1. d4 Nf6 2. c4 g6 3. Nc3 Bg7 4. e4 d6 5. Nf3 0-0 6. Be2 e5 7. Be3 Ng4 8. Bg5 f6 9. Bh4 Nh6 10. 0-0 Nf7 11. dxe5 dxe5 12. Qxd8 Nxd8 13. Nd5 Na6 14. Nd2 c6 15. Ne7+ Kf7 16. Nxc8 Rxc8 17. f3 Ne6 18. Rfd1 Nd4 19. Bf1 Nc2 20. Rab1 Ne3 21. Re1 Nxf1 22. Nxf1 Rfd8 23. Bf2 b6 24. Red1 Bf8 25. a3 Bc5 26. Ne3 1/2-1/2

[Event "Benidorm op U2000 09th"]
[Site "Benidorm"]
[Date "2010.12.06"]
[Round "4"]
[White "Lucas Navas, Jose Manuel"]
[Black "Valdezate Suarez, Fernando"]
[Result "0-1"]
[WhiteElo "1915"]
[BlackElo "1986"]
[PlyCount "86"]
[EventDate "2010.12.03"]
[EventType "swiss"]
[EventRounds "10"]
[EventCountry "ESP"]
[SourceTitle "CBM 139 Extra"]
[Source "ChessBase"]
[SourceDate "2011.01.05"]
[SourceVersion "1"]
[SourceVersionDate "2011.01.05"]
[SourceQuality "1"]

1. c3 d5 2. d4 Bf5 3. e3 Nf6 4. Bd3 Bxd3 5. Qxd3 Nbd7 6. f4 e6 7. Nf3 c5 8. 0-0 Qb6 9. Qc2 Rc8 10. Bd2 Ne4 11. Be1 Bd6 12. Nbd2 Ndf6 13. Nxe4 Nxe4 14. Nd2 Nxd2 15. Qxd2 0-0 16. Rf3 f5 17. Bh4 Qc7 18. Raf1 b5 19. a3 a5 20. Rc1 c4 21. Ra1 Rb8 22. Rff1 Rb7 23. Ra2 Rfb8 24. Rfa1 h6 25. Be1 g5 26. g3 g4 27. Qc2 a4 28. Rb1 Qh7 29. Raa1 h5 30. Rd1 Rg7 31. Rd2 Kf7 32. Rg2 Rh8 33. Rd1 Be7 34. Rdd2 h4 35. Rge2 Rg6 36. Rg2 Rh6 37. Rge2 hxg3 38. Bxg3 Rh3 39. Rg2 Bh4 40. Kf2 Bxg3+ 41. hxg3 Rh2 42. Ke1 Rh1+ 43. Kf2 Qh2 0-1